000 005310000a22001450004500
008 230817t ||||| |||| 00| 0 eng d
082 _a305.42
_bCEN
110 _aCentre for women's research
245 _aSri Lanka Shadow report:
_bon the UN Convention on the elimination of all forms of discrimination against women
260 _aColombo:
_bCENWOR,
_c2001
300 _avi.,52 p.
650 _aWOMEN, DISCRIMINATION AGAINST
856 _uhttps://cedawsouthasia.org/wp-content/uploads/2017/07/shadow-report-srilanka.pdf
942 _cRP
999 _c555
_d555